[Event "Challenge"]
[Site "http://www.queenalice.com/game.php?id=1842048"]
[Date "2024.8.17"]
[Round "-"]
[White "PaulMSains"]
[Black "simonjscott"]
[Result "1-0"]
[WhiteElo "2030"]
[BlackElo "2233"]

1. e4 g6 2. d4 Bg7 3. Be3 d6 4. Bd3 Nf6 5. Nc3 O-O 6. h3 c6 7. Nf3 Qb6 8. Rb1
Qa5 9. O-O Na6 10. Bxa6 Qxa6 11. Qd3 b6 12. Qxa6 Bxa6 13. e5 dxe5 14. dxe5 Nd7
15. Rfe1 Nxe5 16. Nxe5 Bxe5 17. Bh6 Bxc3 18. bxc3 Rfe8 19. Bg5 f6 20. Be3 c5 21.
Rbd1 Rad8 22. Rxd8 Rxd8 23. Bh6 Kf7 24. h4 Rd2 25. Bxd2 e5 26. Re4 Bb7 27. Re3
Bd5 28. a3 Ke6 29. g4 e4 30. Kh2 Kd6 31. Kg3 Bc6 32. c4 f5 33. gxf5 gxf5 34. Kf4
Ke6 35. Rg3 Kf6 36. Bc3+ Ke6 37. Rg7 Ba4 38. Rxa7 Bxc2 39. Rxh7 Bd1 40. Rh6+ 1-0

[Event "Challenge"]
[Site "http://www.queenalice.com/game.php?id=1842184"]
[Date "2024.8.20"]
[Round "-"]
[White "simonjscott"]
[Black "PaulMSains"]
[Result "1-0"]
[WhiteElo "2215"]
[BlackElo "2084"]

1. Nf3 Nf6 2. g3 g6 3. Bg2 Bg7 4. O-O O-O 5. d3 c6 6. c4 d5 7. cxd5 Nxd5 8. Qc2
Na6 9. Nc3 Nab4 10. Qb3 Be6 11. Nxd5 Nxd5 12. Qxb7 Qb6 13. Qxb6 axb6 14. a3 Nb4
15. Bd2 Bxb2 16. Rab1 Bxa3 17. Bxb4 Bxb4 18. Rxb4 b5 19. Nd4 Ra4 20. Nxc6 Rxb4
21. Nxb4 Bg4 22. e3 Rd8 23. d4 Be2 24. Rc1 Bc4 25. Bf1 Bxf1 26. Kxf1 Rd7 27. Rc5
Rb7 28. Ke2 f5 29. Kd3 Kf7 30. Kc3 e6 31. Nd3 Ke7 32. Kb4 Kd6 33. Rxb5 Rxb5+ 34.
Kxb5 Kd5 35. f3 h5 36. h4 Kd6 37. Ne5 1-0

[Event "Challenge"]
[Site "http://www.queenalice.com/game.php?id=1842398"]
[Date "2024.8.24"]
[Round "-"]
[White "PaulMSains"]
[Black "simonjscott"]
[Result "0-1"]
[WhiteElo "2073"]
[BlackElo "2223"]

1. e4 g6 2. d4 Bg7 3. e5 d6 4. Nf3 dxe5 5. Be3 e4 6. Ng5 Nf6 7. Nc3 Nd5 8. Ngxe4
Nxe3 9. fxe3 O-O 10. Bd3 b6 11. O-O Bb7 12. Qg4 Nd7 13. Rf2 f5 14. Qh3 fxe4 15.
Rxf8+ Nxf8 16. Nxe4 Qd7 17. Qh4 Bxe4 18. Bxe4 Rd8 19. b3 c5 20. Rd1 cxd4 21.
Rxd4 Bxd4 0-1

[Event "Challenge"]
[Site "http://www.queenalice.com/game.php?id=1842477"]
[Date "2024.8.26"]
[Round "-"]
[White "simonjscott"]
[Black "PaulMSains"]
[Result "1-0"]
[WhiteElo "2230"]
[BlackElo "2033"]

1. Nf3 d5 2. g3 Bg4 3. Bg2 Bxf3 4. Bxf3 e6 5. O-O Nf6 6. d3 Be7 7. Bg5 O-O 8.
Nc3 c6 9. Bg2 Nbd7 10. Re1 h6 11. Bd2 Qb6 12. Na4 Qd4 13. c3 Qg4 14. b4 b5 15.
Nb2 a5 16. a3 a4 17. h3 Qg6 18. c4 Ne5 19. cxb5 cxb5 20. Bf4 Nfd7 21. Rc1 Rac8
22. Qd2 f6 23. Rxc8 Rxc8 24. Rc1 Rxc1+ 25. Qxc1 Kh7 26. Qc7 Qe8 27. Qb7 Qb8 28.
Qxd7 Nxd7 29. Bxb8 Nxb8 30. d4 Nc6 31. e3 g5 32. Bf1 Na7 33. Nd1 Kg6 34. Nc3 Kf5
35. Bd3# 1-0

[Event "Challenge"]
[Site "http://www.queenalice.com/game.php?id=1842557"]
[Date "2024.8.27"]
[Round "-"]
[White "PaulMSains"]
[Black "simonjscott"]
[Result "0-1"]
[WhiteElo "2044"]
[BlackElo "2236"]

1. e4 g6 2. d4 Bg7 3. c3 d6 4. Nf3 Nf6 5. Bd3 O-O 6. O-O Nc6 7. Be3 Bg4 8. h3
Bd7 9. Nbd2 Qc8 10. Nh2 a6 11. f4 b5 12. f5 Qb7 13. Ndf3 Rac8 14. d5 Nd8 15. Qd2
c5 16. Bh6 Qb6 17. Kh1 Ne8 18. Bxg7 Kxg7 19. Qf2 e6 20. fxe6 fxe6 21. Qg3 e5 22.
Nxe5 dxe5 23. Qxe5+ Nf6 24. d6 Nc6 25. Qg5 c4 26. Bc2 Qd8 27. Qe3 Ne5 28. Nf3
Nxf3 29. Rxf3 Qe8 30. Raf1 Qe5 31. Rd1 Rc6 32. Qd4 Re8 33. Qxe5 Rxe5 34. Re3 Ne8
35. b3 cxb3 36. Bxb3 Rxd6 37. Rxd6 Nxd6 38. Bd5 Be6 39. Bxe6 Rxe6 40. Re2 Rxe4
41. Rd2 Nf5 42. Rd3 Ra4 43. Rd2 Ng3+ 44. Kg1 Ne4 45. Rc2 Ra3 46. c4 Rc3 47. Rxc3
Nxc3 48. cxb5 axb5 49. Kf2 Nxa2 50. Ke2 Nc3+ 51. Kd3 b4 52. Kc2 Kf6 53. Kb3 Nd5
54. g4 Kg5 0-1

[Event "Challenge"]
[Site "http://www.queenalice.com/game.php?id=1843175"]
[Date "2024.9.5"]
[Round "-"]
[White "simonjscott"]
[Black "PaulMSains"]
[Result "1-0"]
[WhiteElo "2242"]
[BlackElo "2036"]

1. Nf3 c6 2. g3 d5 3. Bg2 Bg4 4. O-O e6 5. d4 Nf6 6. Bg5 Be7 7. Nbd2 O-O 8. Ne5
Bh5 9. Ndf3 Ne4 10. Bxe7 Qxe7 11. c3 Nd7 12. Nxd7 Qxd7 13. Ne5 Qc7 14. Qc2 Bg6
15. Nxg6 fxg6 16. Bxe4 dxe4 17. Qxe4 Rf6 18. f4 Raf8 19. Rf3 c5 20. Kg2 cxd4 21.
Qxd4 b6 22. Rd1 Qc6 23. e4 Qb5 24. Rf2 e5 25. c4 Qa5 26. Qd5+ Qxd5 27. exd5 exf4
28. Rxf4 Rxf4 29. gxf4 Rxf4 30. b3 Rf7 31. b4 Rd7 32. c5 bxc5 33. bxc5 Kf7 34.
c6 Rc7 35. d6 Rxc6 36. d7 1-0

[Event "Challenge"]
[Site "http://www.queenalice.com/game.php?id=1843519"]
[Date "2024.9.11"]
[Round "-"]
[White "PaulMSains"]
[Black "simonjscott"]
[Result "0-1"]
[WhiteElo "2033"]
[BlackElo "2248"]

1. c4 Nf6 2. e3 c5 3. Nc3 g6 4. Nf3 Bg7 5. d4 cxd4 6. Nxd4 O-O 7. Bd3 Nc6 8. O-O
d6 9. h3 Nb4 10. Bb1 a6 11. a3 Nc6 12. Nxc6 bxc6 13. Qf3 Bb7 14. Qg3 Nh5 15. Qg4
Qc8 16. Qxc8 Raxc8 17. g4 Nf6 18. f4 d5 19. c5 Nd7 20. b4 Bxc3 0-1

[Event "Challenge"]
[Site "http://www.queenalice.com/game.php?id=1843573"]
[Date "2024.9.12"]
[Round "-"]
[White "simonjscott"]
[Black "PaulMSains"]
[Result "1/2-1/2"]
[WhiteElo "2235"]
[BlackElo "2056"]

1. Nf3 d5 2. g3 Bf5 3. Bg2 Nf6 4. O-O e6 5. d3 Be7 6. Bg5 Nbd7 7. Nbd2 O-O 8. c3
c6 9. Nb3 h6 10. Bd2 Qb6 11. Be3 Qc7 12. Nbd4 Bh7 13. Qd2 Ng4 14. h3 Nxe3 15.
Qxe3 e5 16. Nb3 Bf6 17. Rac1 Rfe8 18. Rfd1 e4 19. dxe4 Bxe4 20. Qd2 Ne5 21. Nxe5
Qxe5 22. Nd4 Bxg2 23. Kxg2 Qe4+ 24. f3 Qe3 25. Qxe3 Rxe3 26. Kf2 Bxd4 27. Rxd4
Re7 28. Rc2 a5 29. a4 Rb8 30. h4 b5 31. axb5 Rxb5 32. Ra4 Reb7 33. Ra2 f6 34.
Ke3 Kf7 35. Kf4 Kg6 36. e4 dxe4 37. Kxe4 Rd7 38. f4 f5+ 39. Ke3 Rbd5 40. b4 axb4
41. cxb4 R7d6 42. Ra3 Kf6 43. Rac3 Re6+ 44. Kf3 Rdd6 45. g4 fxg4+ 46. Kxg4 g6
47. Rc5 Ke7 48. R2c4 Kd7 49. f5 gxf5+ 50. Rxf5 Rd5 51. Rf7+ Ke8 52. Rc7 Rdd6 53.
Rf4 Kd8 54. Rb7 Kc8 55. Ra7 Rf6 56. Re4 Rfe6 1/2-1/2

[Event "Challenge"]
[Site "http://www.queenalice.com/game.php?id=1843755"]
[Date "2024.9.14"]
[Round "-"]
[White "PaulMSains"]
[Black "simonjscott"]
[Result "1-0"]
[WhiteElo "2031"]
[BlackElo "2254"]

1. Nf3 g6 2. g3 Bg7 3. Bg2 Nf6 4. O-O O-O 5. c4 d6 6. Nc3 Nc6 7. d3 e5 8. e4 Bg4
9. Be3 Nd4 10. Bxd4 exd4 11. Nd5 Nxd5 12. cxd5 Qd7 13. Qc2 Rac8 14. Rfe1 Rfe8
15. Nd2 Qb5 16. b3 Re7 17. a4 Qe8 18. Nc4 Bd7 19. f4 f5 20. Ra2 b6 21. Qf2 Qf7
22. e5 dxe5 23. Nxe5 Bxe5 24. fxe5 c5 25. e6 Qe8 26. Rae2 Bxa4 27. bxa4 Qxa4 28.
d6 Rg7 29. e7 Qe8 30. Bd5+ Kh8 31. Qf3 a5 32. Bb7 Rb8 33. Bc6 1-0

[Event "Challenge"]
[Site "http://www.queenalice.com/game.php?id=1844011"]
[Date "2024.9.20"]
[Round "-"]
[White "PaulMSains"]
[Black "simonjscott"]
[Result "1/2-1/2"]
[WhiteElo "2044"]
[BlackElo "2230"]

1. e4 g6 2. d4 Bg7 3. Be3 d6 4. Nc3 Nf6 5. Bd3 O-O 6. Nf3 a6 7. O-O Bg4 8. h3
Bxf3 9. Qxf3 Nc6 10. Ne2 Qc8 11. Ng3 Re8 12. Rfe1 Nb4 13. Bd2 Nxd3 14. Qxd3 c6
15. e5 dxe5 16. dxe5 Rd8 17. Qe2 Nd5 18. c3 e6 19. Bg5 Rd7 20. Rad1 Qc7 21. Kh1
h6 22. Bc1 Rad8 23. Rd4 Kh7 24. f4 Ne7 25. Rxd7 Qxd7 26. Ne4 Nc8 27. Qf2 Qd5 28.
Qh4 Qd1 29. Rxd1 Rxd1+ 30. Kh2 Rxc1 31. Ng5+ Kg8 32. Nxe6 fxe6 33. Qd8+ Kh7 34.
Qxc8 Rc2 35. Qxb7 h5 36. Qxa6 Rxb2 37. Qxc6 1/2-1/2